Internet guide / (Record no. 61650)

MARC details
000 -LEADER
fixed length control field 00431nam a22001577a 4500
005 - DATE AND TIME OF LATEST TRANSACTION
control field 20181102151823.0
020 ## - INTERNATIONAL STANDARD BOOK NUMBER
Terms of availability 121.00
035 ## - SYSTEM CONTROL NUMBER
System control number B-108505, B-108479,B-108503
100 ## - MAIN ENTRY--PERSONAL NAME
Personal name Gupta, Rajeev
245 ## - TITLE STATEMENT
Title Internet guide /
Statement of responsibility, etc By Rajeev Gupta
250 ## - EDITION STATEMENT
Edition statement rpr 2001
260 ## - PUBLICATION, DISTRIBUTION, ETC. (IMPRINT)
Place of publication, distribution, etc Delhi
Name of publisher, distributor, etc Nipun Publications
Date of publication, distribution, etc 2001
300 ## - PHYSICAL DESCRIPTION
Extent 280p.
Dimensions 22 cms
942 ## - ADDED ENTRY ELEMENTS (KOHA)
Source of classification or shelving scheme Dewey Decimal Classification
Item type English Books
Classification part 004.67
Call number suffix GUP
Holdings
Withdrawn status Lost status Not for loan Collection code Home library Current library Date acquired Cost, normal purchase price Full call number Barcode Cost, replacement price Koha item type Source of acquisition Public note Copy number
      Non-fiction Patel Nagar Patel Nagar 31/07/2018 121.00 004.67 GUP B-108479 121.00 English Books BPPD/PUB    
      Non-fiction R.C.Libraries (zls) R.C.Libraries (zls) 02/11/2018 221.00 004.67 GUP B-108503 221.00 English Books     1
      Non-fiction Sarojini Nagar Sarojini Nagar 30/01/2012 121.00 004.67 GUP B-108505 121.00 English Books      
      Non-fiction Sarojini Nagar Sarojini Nagar 04/02/2012 121.00 004.67 GUP B-108485 121.00 English Books      
      Non-fiction Sarojini Nagar Sarojini Nagar 07/03/2017 121.00 004.67 GUP B-108504 121.00 English Books DPL Withdrawn List Prepared List No.1/3  

© Delhi Public Library
Hit Counter
free hit counter